000 01203nam a22002057a 4500
999 _c60055
_d60055
003 Ge_BSU
005 20230602102420.0
008 230602s1961 ge ||||| |||| 00| 0 geo d
041 _ageo
080 _a811.353.1'38+ 930.2 მ-97
100 _aმშვენიერაძე, დომენტი
_918412
245 _aტექნიკის ლექსიკური მასალები ქართულ წერილობით ძეგლებში :
_bს. ორბელიანის "სიტყვის კონისა" და სხვა ძეგლების მიხედვით /
_cდომენტი მშვენიერაძე; რედ. ს. ჯიქია.
264 _aთბილისი :
_bსაქ. პოლიტექნ. ინ-ტის გამ-ბა,
_c1961.
300 _a162 გვ. ;
_b20 სმ.
504 _a ბიბლიოგრ. შენიშვნებში
653 _aტექნიკის ლექსიკა
653 _aქართული წერილობითი ძეგლები
700 _aჯიქია, ს.
_eრედაქტორი
_91028
942 _2udc
_cBK